Parenting ;the early years (Record no. 17303)

000 -LEADER
fixed length control field 00603nam a2200205 a 4500
001 - CONTROL NUMBER
control field :::00021179$&:&@@
003 - CONTROL NUMBER IDENTIFIER
control field OkBaRHE
005 - DATE AND TIME OF LATEST TRANSACTION
control field 20071103142329.0
008 - FIXED-LENGTH DATA ELEMENTS--GENERAL INFORMATION
fixed length control field s1995 j 000 0 eng u
020 ## - INTERNATIONAL STANDARD BOOK NUMBER
International Standard Book Number 0882432060
040 ## - CATALOGING SOURCE
Transcribing agency
100 1# - MAIN ENTRY--PERSONAL NAME
Personal name Marchand, Kay E.
245 10 - TITLE STATEMENT
Title Parenting ;the early years
260 ## - PUBLICATION, DISTRIBUTION, ETC. (IMPRINT)
Place of publication, distribution, etc Springfield,MO
Name of publisher, distributor, etc Radiant Life
Date of publication, distribution, etc 1995
300 ## - PHYSICAL DESCRIPTION
Extent 94p
490 0# - SERIES STATEMENT
Series statement Spiritual Discovery Series
650 ## - SUBJECT ADDED ENTRY--TOPICAL TERM
Topical term or geographic name as entry element Parenting,Religous aspects,Christianity
942 ## - ADDED ENTRY ELEMENTS (KOHA)
Source of classification or shelving scheme
Koha item type Books
Copies
Full call number Source of classification or shelving scheme Barcode Price effective from Withdrawn status Not for loan Shelving location Date acquired Lost status Koha item type Copy number Permanent Location Date last seen Damaged status
HQ 769 .M3 211792010-04-14  General Stacks2010-04-14 Books1RHEMA Bible Training College2010-04-14